LEADER 01784nam a2200289 i 4500 001 000000197594 003 CaOOAMICUS 005 20240902143540.0 008 110216s1774 it u000 u fre u 013 $a176281 026 $aR.r- 8.o- x.n- Ap(k (3) 1774 (R) 040 $aSeMil$bita 100 1 $aBeauvais, Jean Baptiste Charles Marie : de,$d<1731-1790>.$0(OLS)http://semarc/name/71504 245 00$aOraison funebre de très-grand, très-haut, très-puissant et très-excellent prince, Louis 15. le bien-aimé ... prononcée dans l'Eglise de l'Abbaye Royale de Saint-Denis, le 27 Juillet 1774, par messire Jean-Baptiste-Charles-Marie De Beauvais .. 264 1$aLausanne :$bFrançois Grasset ;$aA Paris :$bChez Guillaume Desprez,$c1774. 300 $a79, [1] p. ;$c8°. 500 $aIl v. dell'ultima p. è bianco. 650 4$aLuigi XV : di Borbone - Necrologie.$0(OLS)http://semarc/subject/37055 700 1 $aGrasset, François,$c.$0(OLS)http://semarc/name/3039 700 1 $aDesprez, Guillaume$b<2. ,$cEditore,$d1680?-1753>.$0(OLS)http://semarc/name/12405 773 0 $t[Miscellanea.$w()24307 850 $aSeMil 852 $aSeMil$W1$xVenegono$y1$m5A I 23/7 FA$j148150$B148150$CSeMilBibl$Z2$F159578 $8I 996 $6245$aOraison funebre de très-grand, très-haut, très-puissant et très-excellent prince, Louis 15. le bien-aimé ... prononcée dans l'Eglise de l'Abbaye Royale de Saint-Denis, le 27 Juillet 1774, par messire Jean-Baptiste-Charles-Marie De Beauvais ..$9(OLS)http://semarc/title/285327 996 $6264$aLausanne :$bFrançois Grasset$9(OLS)http://semarc/publisher/51023 996 $6264$aA Paris :$bChez Guillaume Desprez$9(OLS)http://semarc/publisher/37316 LEADER 01105nam a2200241 i 4500 001 000000090945 003 CaOOAMICUS 005 20151223000000.0 008 151223s1823 it u000 u ita u 013 $a63187 026 $af-i- r-o- tahe chDi (3) 1823 (R) 040 $aSeMil$bita 245 10$aVirtù e meraviglie del Venerabile Padre d. Francesco Saverio Maria Bianchi bernabita di Napoli. 260 $aMilano :$bStamperia Rivolta,$c1823. 300 $aX, 97, [1] p., [1] carta di tav. :$britr. ;$c8°. 500 $aIl nome dell'A. dalla dedica. 600 04$aFrancesco : Saverio .$0(OLS)http://semarc/subject/806 700 1 $aRudoni, Pietro.$0(OLS)http://semarc/name/8357 710 2 $aRivolta .$0(OLS)http://semarc/name/40788 850 $aSeMil 852 $aSeMil$W1$xVenegono$y1$m3H III 105 FA$j53906$B53906$CSeMilBibl$Z2$F58546 $8I 996 $6245$aVirtù e meraviglie del Venerabile Padre d. Francesco Saverio Maria Bianchi bernabita di Napoli$9(OLS)http://semarc/title/137005 996 $6260$aMilano :$bStamperia Rivolta$9(OLS)http://semarc/publisher/43710